000 00528nam a2200181Ia 4500
001 5020
005 20260306145837.0
008 260306t1997||||xx |||||||||||||| ||spa||
041 _aESP
082 _a332.64285
_bG44
100 _aGiesecke Sara-Lafosse, Margarita, 1948-2004
_eAUT
245 0 _aLa Bolsa de Valores de Lima:
_b150 años de historia = The Lima stock exchange : 150 years of history
260 _c1997
300 _axxix, 368 páginas :
_c31 cm.
650 _aGEN
654 _aCAN
942 _cLIB
_dJUS
_fJUS
_2ddc
_n
999 _c5020
_d5020